Car Model Tile Select Quiz - Statistics

General Stats
  • This quiz has been taken 18 times
  • The average score is 61 of 80
Answer Stats
Question Tile Select % Correct
Non-Alfa Romeo models 8C Competizione No
100%
Non-Alfa Romeo models Giulietta Berlina No
100%
Non-Alfa Romeo models Stelvio No
100%
Non-Alfa Romeo models 4C No
94%
Non-Alfa Romeo models Giulia No
94%
Non-Alfa Romeo models Spider "Duetto" No
94%
Non-Volkswagen models Adam Yes
88%
Non-Alfa Romeo models Alfasud No
88%
Non-Toyota models Avensis No
88%
Non-Volkswagen models Beetle No
88%
Non-Toyota models Camry No
88%
Non-Dodge models Challenger SRT8 No
88%
Non-Dodge models Dart No
88%
Non-Renault models Espace No
88%
Non-Volkswagen models Golf No
88%
Non-Renault models Grand Scenic No
88%
Non-Renault models Megane No
88%
Non-Dodge models Neon No
88%
Non-Volkswagen models Passat No
88%
Non-Volkswagen models Polo No
88%
Non-Toyota models RAV4 No
88%
Non-Volkswagen models Tiguan No
88%
Non-Volkswagen models Touareg No
88%
Non-Dodge models Viper ACR No
88%
Non-Toyota models Yaris No
88%
Non-Alfa Romeo models 500L Yes
82%
Non-Alfa Romeo models 550 Maranello Yes
82%
Non-Renault models Avantime No
82%
Non-Dodge models Avenger No
82%
Non-Dodge models Charger SRT8 No
82%
Non-Toyota models Hilux No
82%
Non-Renault models Laguna No
82%
Non-Toyota models Land Cruiser No
82%
Non-Alfa Romeo models Montreal No
82%
Non-Toyota models Tacoma No
82%
Non-Volkswagen models T-Roc No
82%
Non-Alfa Romeo models 2000 Berlina No
76%
Non-Renault models 8 Gordini No
76%
Non-Volkswagen models Crafter No
76%
Non-Alfa Romeo models Disco Volante No
76%
Non-Dodge models Escalade Yes
76%
Non-Toyota models Forester Yes
76%
Non-Volkswagen models Karmann Ghia No
76%
Non-Toyota models Kona Yes
76%
Non-Volkswagen models Kuga Yes
76%
Non-Renault models R5 No
76%
Non-Toyota models Sorento Yes
76%
Non-Dodge models Stealth No
76%
Non-Renault models Zoe No
76%
Non-Alfa Romeo models 250 GT 2+2 Gran Turismo Yes
71%
Non-Dodge models Coronet No
71%
Non-Volkswagen models Corrado No
71%
Non-Toyota models Crown No
71%
Non-Volkswagen models E-Tron Yes
71%
Non-Dodge models Magnum No
71%
Non-Toyota models Maxima Yes
71%
Non-Toyota models Odyssey Yes
71%
Non-Toyota models Tercel No
71%
Non-Renault models Arnage Yes
65%
Non-Toyota models Avalon No
65%
Non-Dodge models Crossfire SRT6 Yes
65%
Non-Renault models Dauphine No
65%
Non-Dodge models Falcon Yes
65%
Non-Dodge models Silverado Yes
65%
Non-Toyota models Starlet No
65%
Non-Volkswagen models Urraco Yes
65%
Non-Renault models V40 Yes
65%
Non-Renault models Vectra Yes
65%
Non-Renault models Wind No
65%
Non-Renault models 21 No
59%
Non-Renault models Elva Yes
59%
Non-Dodge models Grand Cherokee SRT8 Yes
59%
Non-Alfa Romeo models Matta No
59%
Non-Dodge models Monaco No
59%
Non-Volkswagen models Phaeton No
59%
Non-Volkswagen models Phantom Yes
59%
Non-Alfa Romeo models Gamma Berlina Yes
47%
Non-Renault models Camargue Yes
41%
Non-Dodge models Polara No
41%
Non-Alfa Romeo models Aurelia B20 GT Yes
35%
No matching quizzes found
Score Distribution
Percent of People with Each Score
Percentile by Number Answered
Your Score History
You have not taken this quiz